• 首页
  • 本馆介绍
  • 公告通知
  • 最新文献
  • 馆藏检索
  • 电子资源
  • 读者导购
  • 参考咨询
  • 我的图书馆
  • 登录
  • 详细信息显示
  • 放入我的书架
  • 预约/预借图书
  • 作者相关作品
  • 分类相关作品
  • 丛书相关作品
  • 出版社相关作品

书目信息

  • 表格格式
  • 工作单格式
  • 卡片格式
题名:
谁动了我的权利?
    
 
作者: 胡天龙 主编 ;中国人民大学 编
分册:  
出版信息: 北京   中国法制出版社  2016
页数: 243页
开本: 21cm
丛书名:
单 册:
中图分类: D920.4 , D925.104
科图分类:
主题词: 法律--fa lv--基本知识--中国 , 物业管理--wu ye guan li--民事纠纷--处理--基本知识--中国
电子资源:
ISBN: 978-7-5093-6536-6
000 01160nam0 22002891 450
001 0115101132
005 20170415101132.0
010    @a978-7-5093-6536-6@dCNY29.80
100    @a20161209d2016 em y0chiy50 ea
101 0  @achi
102    @aCN@b110000
105    @ay zn 000yy
106    @ar
200 1  @a谁动了我的权利?@Ashui dong le wo de quan li@e房产物业权纠维权必备法律常识@f胡天龙主编@g中国人民大学法律援助中心编
210    @a北京@c中国法制出版社@d2016
215    @a243页@d21cm
300    @a全国“七五”普法推荐用书
330    @a本书分为房屋买卖、房屋租赁、建筑物区分所有权、物业管理四章。主要内容有:买房认购书具有什么效力、网上签订的购房合同有没有效、顶层业主能否将去往顶层的楼道封闭等。
517 1  @a房产物业权纠维权必备法律常识@Afang chan wu ye quan jiu wei quan bi bei fa lv chang shi
606 0  @a法律@Afa lv@x基本知识@y中国
606 0  @a物业管理@Awu ye guan li@x民事纠纷@x处理@x基本知识@y中国
690    @aD920.4@v5
690    @aD925.104@v5
701  0 @a胡天龙@Ahu tian long@4主编
712 02 @a中国人民大学@Azhong guo ren min da xue@b法律援助中心@4编
801  0 @aCN@bTANGWEI@c20170308
905    @b0964843-6@dD920.4@e1543@f4
    
    谁动了我的权利?:房产物业权纠维权必备法律常识/胡天龙主编/中国人民大学法律援助中心编.-北京:中国法制出版社,2016
    243页;21cm
    全国“七五”普法推荐用书
    
    ISBN 978-7-5093-6536-6:CNY29.80
    本书分为房屋买卖、房屋租赁、建筑物区分所有权、物业管理四章。主要内容有:买房认购书具有什么效力、网上签订的购房合同有没有效、顶层业主能否将去往顶层的楼道封闭等。
●
相关链接 在E读中查询图书 在五车中查询图书 在当当中查询图书 在豆瓣中查询图书


正题名:谁动了我的权利?     索取号:D920.4/1543         预约/预借

序号 登录号 条形码 馆藏地/架位号 状态 备注
1 0964843   209648434   第一样本阅览室/ [索取号:D920.4/1543] 在馆    
2 0964844   209648443   第一借阅区/ [索取号:D920.4/1543] 在馆    
3 0964845   209648452   第一借阅区/ [索取号:D920.4/1543] 在馆    
4 0964846   209648461   第一借阅区/ [索取号:D920.4/1543] 在馆    
唐山师范学院图书馆 欢迎您!
大连网信软件有限公司© 版权所有